Proceso Toro-Concha: crimen del Boldo, informes médico-legales, alegatos, sentencias, votos disidentes y opiniones de prensa

Zapisane w:
Opis bibliograficzny
Format: Książka
Język:hiszpański
Wydane: Santiago Barcelona 1916
Hasła przedmiotowe:
Etykiety: Dodaj etykietę
Nie ma etykietki, Dołącz pierwszą etykiete!

MARC

LEADER 00000nam a2200000 a 4500
001 UCR1213
003 CL-VaPUC
008 971212e19160000CL |||||||||||||||||spa|d
082 0 4 |a 345.05  |b PRO  |2 21 
245 1 0 |a Proceso Toro-Concha: crimen del Boldo, informes médico-legales, alegatos, sentencias, votos disidentes y opiniones de prensa 
300 |a 511 p 
942 |c BK 
945 |d 19971212 00:00:00  |a cmena 
260 |a Santiago  |b Barcelona  |c 1916 
650 0 |a Código penal  |9 255935 
650 0 |a Delitos  |9 224143 
650 7 |a DERECHO CHILENO  |2 CL-VaPUC  |9 398161 
650 7 |a CRIMINALES  |2 CL-VaPUC  |9 322996 
650 0 |a Delincuencia  |9 335739 
650 0 |a Juicio criminal  |9 398162 
650 0 |a Tribunales de justicia   |9 328494 
650 7 |a CODIGO DE PROCEDIMIENTO PENAL  |2 CL-VaPUC  |9 256474 
651 7 |a CHILE  |2 CL-VaPUC  |9 398163 
583 |a last modification  |c 19971212 00:00:00  |k Rodrigo Vera 
999 |c 264690  |d 264688 
952 |0 0  |1 0  |4 0  |6 345_050000000000000_PRO_1916  |7 0  |8 X  |9 295082  |a BIBDER  |b BIBDER  |d 2019-11-19  |i 1921665  |o 345.05 PRO 1916  |p 1921665  |r 2023-01-25  |w 2019-11-19  |y BK_X  |k DER